| 000 | 00943nam a2200289Ia 4500 | ||
|---|---|---|---|
| 003 | OSt | ||
| 005 | 20221007123505.0 | ||
| 006 | a|||||r|||| 00| 0 | ||
| 007 | ta | ||
| 008 | 221006b |||||||| |||| 00| 0 eng d | ||
| 020 |
_a8122410243 (pbk) _c275.00 |
||
| 024 | _a12081 | ||
| 037 |
_bIN-00062, 13/09/2004, N R Book Distributors _cTextual |
||
| 040 |
_aPAPL _cPAPL _beng |
||
| 041 |
_2eng _aeng |
||
| 082 | _aB7, N7;3-;6 Carpa | ||
| 100 |
_aGupta Kiran C _9520945 |
||
| 245 | 0 | _aClassical mechanics of particles and rigid bodiies | |
| 250 | _a2 | ||
| 260 |
_aNew _bDelhi New Age International (P) Ltd. Pub. _c1997 |
||
| 300 |
_axx, 667p. _ccm. |
||
| 500 | _aAppendix A-F, 644-657p.; Index 659-667p. | ||
| 650 |
_a Classical mechanics _9713742 |
||
| 650 | _aMathematics | ||
| 942 |
_hB7, N7;3-;6 Carpa _cTEXL _2CC |
||
| 999 |
_c1211982 _d1211982 |
||